| 000 | 00582cam a22002051 4500 | ||
|---|---|---|---|
| 001 | ne 68002504 | ||
| 003 | DLC | ||
| 005 | 20260227111843.0 | ||
| 008 | 930902s1965 ua a 000 0 arar | ||
| 010 | _ane 68002504 | ||
| 035 | _a(OCoLC)28739469 | ||
| 040 |
_aDLC _cCU _dCU _dDLC |
||
| 042 | _apremarc | ||
| 050 | 0 | 0 |
_aHF5549 _b.H347 |
| 100 | 1 | _aḤasan, ʻĀdil. | |
| 245 | 1 | 0 |
_aIdārat al-afrād / _c[taʼlīf] ʻĀdil Ḥasan. |
| 260 |
_aal-Iskandarīyah : _bDār al-Jāmiʻāt al-Miṣrīyah, _c1965. |
||
| 300 |
_a660 p. : _bill. ; _c24 cm. |
||
| 650 | 0 | _aPersonnel management. | |
| 999 |
_c50536 _d50536 |
||